Faculty of Law Library — Cairo University

Official Online Catalog

مجلة البحوث الأمنية. (Record no. 63834)

MARC details
000 -LEADER
fixed length control field 00958nas a2200253 i 4500
005 - DATE AND TIME OF LATEST TRANSACTION
control field 20260219135115.0
008 - FIXED-LENGTH DATA ELEMENTS--GENERAL INFORMATION
fixed length control field 260219d su uu|j| |||| 00| 0 ara d
017 ## - COPYRIGHT OR LEGAL DEPOSIT NUMBER
Copyright or legal deposit number 3391
Date 22
040 ## - CATALOGING SOURCE
Original cataloging agency EG-GICUC
Transcribing agency EG-GICUC
Modifying agency EG-GICUC
Description conventions rda
082 04 - DEWEY DECIMAL CLASSIFICATION NUMBER
Classification number 343
Edition information 21
245 00 - TITLE STATEMENT
Title مجلة البحوث الأمنية.
Number of part/section of a work أغسطس 2020 /
264 01 - PRODUCTION, PUBLICATION, DISTRIBUTION, MANUFACTURE, AND COPYRIGHT NOTICE
Place of production, publication, distribution, manufacture الرياض :
Name of producer, publisher, distributor, manufacturer مركز البحوث والدراسات-كلية الملك فهد الأمنية،
Date of production, publication, distribution, manufacture, or copyright notice 2020 -
300 ## - PHYSICAL DESCRIPTION
Extent مجلد ؛
Dimensions 26 سم.
336 ## - CONTENT TYPE
Source rda content
Content type term Text
337 ## - MEDIA TYPE
Source rda media
Media type term unmediated
338 ## - CARRIER TYPE
Source rda carrier
Carrier type term volume
362 0# - DATES OF PUBLICATION AND/OR SEQUENTIAL DESIGNATION
Dates of publication and/or sequential designation .
500 ## - GENERAL NOTE
General note تعني بنشر البحوث والدراسات العلمية في مجالات الأمن بمفهومة الشامل.
500 ## - GENERAL NOTE
General note المجلد 29: العدد 77.
650 04 - SUBJECT ADDED ENTRY--TOPICAL TERM
Topical term or geographic name entry element القانون الجنائي
Form subdivision دوريات
856 ## - ELECTRONIC LOCATION AND ACCESS
Uniform Resource Identifier <a href="https://fll.law.cu.edu.eg/fulltext/cr/S10-00518.pdf">https://fll.law.cu.edu.eg/fulltext/cr/S10-00518.pdf</a>
905 ## - Cataloger
Cataloger name Nourhan Saeed
942 ## - ADDED ENTRY ELEMENTS (KOHA)
Source of classification or shelving scheme Dewey Decimal Classification
Koha item type Continuing Resources
Suppress in OPAC No
Holdings
Withdrawn status Lost status Source of classification or shelving scheme Damaged status Not for loan Collection Home library Current library Date acquired Total checkouts Barcode Date last seen Copy number Price effective from Koha item type
    Dewey Decimal Classification     القانون الجنائي جــــامعة القــاهرة مكتبة كلية الحقوق - المبنى الرئيسي 19.02.2026   S10-00518 19.02.2026 1 19.02.2026 Continuing Resources

© All rights reserved — Faculty of Law, Cairo University